000 00485nam a22001577a 4500
008 131017b xxu||||| |||| 00| 0 eng d
020 _a972-570-039-2
100 _aBIRCH, Beverley
245 _aLouis Pasteur
_bQuimico cujas experiencias conduziram ao maior avanco medico de todos os tempos
_cBeverley Birch
250 _a1ยช ed.
260 _aLisboa
_bEditora Replicacao
_c1990
300 _a64p
440 _aPessoas que ajudaram o mundo
650 _aBiografia
942 _2udc
_cBK
999 _c27135
_d27135